More profit, less risk: your new financial stratergy (Record no. 78652)

MARC details
000 -LEADER
fixed length control field 01067nam a2200205 a 4500
008 - FIXED-LENGTH DATA ELEMENTS--GENERAL INFORMATION
fixed length control field 120416s1982 ||||||||||||||||| || u
020 ## - INTERNATIONAL STANDARD BOOK NUMBER
International Standard Book Number 0070103240
050 ## - LIBRARY OF CONGRESS CALL NUMBER
Classification number HG 179
100 ## - MAIN ENTRY--PERSONAL NAME
Personal name Cerami, Charles A
245 10 - TITLE STATEMENT
Title More profit, less risk: your new financial stratergy
260 ## - PUBLICATION, DISTRIBUTION, ETC.
Place of publication, distribution, etc. New York
Name of publisher, distributor, etc. McGraw-Hill
Date of publication, distribution, etc. 1982
300 ## - PHYSICAL DESCRIPTION
Extent xiii, 224p. : ill.
350 ## -
-- 0.00
650 ## - SUBJECT ADDED ENTRY--TOPICAL TERM
Topical term or geographic name entry element INVESTMENTS
650 ## - SUBJECT ADDED ENTRY--TOPICAL TERM
Topical term or geographic name entry element FINANCE, PERSONAL
995 ## -
-- ANNEX COLLECTION (Main Library)
-- 0.00
-- 710929
-- CBU-MAIN LIBRARY (Kitwe)
-- 1
-- 14.95
-- HG 179 Cer
-- 2
-- AVAILABLE
-- 005946
-- Annex Low-Usage Collection
995 ## -
-- ANNEX COLLECTION (Main Library)
-- 0.00
-- 710928
-- CBU-MAIN LIBRARY (Kitwe)
-- 2
-- 14.95
-- HG 179 Cer
-- 3
-- AVAILABLE
-- 005947
-- Annex Low-Usage Collection
995 ## -
-- ANNEX COLLECTION (Main Library)
-- 0.00
-- 710927
-- CBU-MAIN LIBRARY (Kitwe)
-- 3
-- 14.95
-- HG 179 Cer
-- 1
-- AVAILABLE
-- 005945
-- Annex Low-Usage Collection
995 ## -
-- ANNEX COLLECTION (Main Library)
-- 0.00
-- 710926
-- CBU-MAIN LIBRARY (Kitwe)
-- 4
-- 14.95
-- HG 179 Cer
-- 4
-- AVAILABLE
-- 005948
-- Annex Low-Usage Collection
999 ## -
-- 78652
-- 78652
Holdings
Withdrawn status Lost status Source of classification or shelving scheme Damaged status Not for loan Permanent Location Current Location Date acquired Full call number Barcode Date last seen Copy number Price effective from Koha item type Shelving location Total Checkouts
Withdrawn         CBU-MAIN LIBRARY, KITWE. CBU-MAIN LIBRARY, KITWE. 06/06/2023 HG 179 005946 06/06/2023 1 06/06/2023 MONOGRAPH    
Withdrawn         CBU-MAIN LIBRARY, KITWE. CBU-MAIN LIBRARY, KITWE. 06/06/2023 HG 179 005947 06/06/2023 2 06/06/2023 MONOGRAPH    
          CBU-MAIN LIBRARY, KITWE. CBU-MAIN LIBRARY, KITWE. 06/06/2023 HG 179 005945 06/06/2023 3 06/06/2023 MONOGRAPH    
          CBU-MAIN LIBRARY, KITWE. CBU-MAIN LIBRARY, KITWE. 06/06/2023 HG 179 005948 06/06/2023 4 06/06/2023 MONOGRAPH